000
00213 a2200097 4500
001
19046
100
_a
Keenan, J H
245
_a
Thermodynamics: Properties of Steam
260
_a
_b
W
_c
1966
090
_c
14117
_d
14117
942
_a
NUST-CAE
_c
M
_c
4578
999
_c
254119
_d
254119